| 000 | 01394cam a22002655a 4500 | ||
|---|---|---|---|
| 001 | 16818117 | ||
| 005 | 20161221105717.0 | ||
| 008 | 110609t2011 nyua frd 001 0 eng d | ||
| 020 | _a9780071766494 | ||
| 020 | _a0071766499 | ||
| 040 |
_aDLC _cDLC _dDLC _dEG-ScBUE _beng |
||
| 082 | 0 | 4 |
_a332.632042 _222 _bBAI |
| 100 | 1 | _aBaiynd, Anne-Marie. | |
| 245 | 1 | 4 |
_aThe trading book : _ba complete solution to mastering technical systems and trading psychology / _cby Anne-Marie Baiynd. |
| 260 |
_aNew York : _bMcGraw-Hill, _cc.2011. |
||
| 300 |
_axv, 256 p. : _bill. ; _c24 cm. |
||
| 500 | _aGlossary : p. 245-250. | ||
| 500 | _aIndex : p. 251-256. | ||
| 505 | 0 | _aAn introduction to the markets -- Technical indicators I: market positioning system, momentum, and candlesticks -- Technical indicators II: moving averages, bollinger bands, and volume -- Trading well is not only about trading systems -- Trading blind and risk -- Waves and fibs -- Success and habit -- Simple to complex : long -- Your trading journal -- Simple to complex : short -- Discipline, dedication, and endirance -- The ideal trade setup -- Common formations -- Skill set recap -- Self preservation and support structures. | |
| 650 | 7 |
_aTechnical analysis (Investment analysis) _2BUEsh _941507 |
|
| 650 | 7 |
_aInvestments _xPsychological aspects. _2BUEsh |
|
| 651 | _2BUEsh | ||
| 653 |
_bBUSADM _cDecember2016 |
||
| 942 | _2ddc | ||
| 999 |
_c23662 _d23634 |
||